Tratado teórico-práctico de aritmética razonada.
Gespeichert in:
| Format: | Buch |
|---|---|
| Sprache: | Spanisch |
| Erschienen: |
Madrid [etc.] :
Bruño,
1932
|
| Ausgabe: | 1ª ed. |
| Katalog: | MANES: Suchergebnis im Bibliothekskatalog |
| Schulbuchspezifische Eigenschaften: |
|
| Tags: |
Tag hinzufügen
Keine Tags, Fügen Sie den ersten Tag hinzu!
|
| Hinzugefügt zu: | 09.02.2019 |
| Geändert in: | 07.05.2025 |
MARC
| LEADER | 00000cam a2200000 4500 | ||
|---|---|---|---|
| 005 | 20250507134541.0 | ||
| 008 | 190210S1932 0esp p 0000 00spa0d | ||
| 040 | |a uned |b spa |c entro-manes | ||
| 041 | 0 | |a spa | |
| 245 | 0 | 0 | |a Tratado teórico-práctico de aritmética razonada. |e Curso superior. |e Libro del alumno |
| 250 | |a 1ª ed. | ||
| 260 | |a Madrid [etc.] : |b Bruño, |c 1932 | ||
| 300 | |a 559 p. | ||
| 546 | |a España | ||
| 561 | |5 es-BUNED |3 L.T. 1816 |a España. Fondo Manes UNED |k MANES | ||
| 690 | 0 | |a MATE | |
| 942 | |2 ddc |c BK | ||
| 999 | |c 97025 |d 97025 | ||
| 999 | |c manes:97025 |d 97025 | ||